00337nam a2200133 i 4500001000300000100001800003245007000021260001900091700002300110040000800133041000800141080001300149008004100162bg1 aANIKIN, G. V. 0aIstorija anglijskoj literatury /cG.V. Anikin, N.P. Michal'skaja. aMoskva,c1975.1 aMICHALSKAJA, N. P. cBPK apol a820(091) s pl f |000 0 pol